000 00577nam a2200193 i 4500
001 80278
003 ES-MaACL
005 20251015164733.0
007 t|
008 041027s1966 sp ||||1| spa d
245 0 0 _aHistoria ilustrada de la pintura /
_c[traducción de Juan-Eduardo Cirlot].
250 _a[2ª ed.].
260 _aBarcelona :
_bGustavo Gili,
_c1966.
300 _a320 p. :
_bil. ;
_c24 cm.
650 0 4 _aPintura-
_vHistoria.
_916006
700 1 _aCirlot, Juan-Eduardo,
_d1916-1973
_938898
852 _aES-MaACL
_jE-7250
_bR.91884
999 _c80278
_d80278